[Manažment: Teória a prax]
Recenzia na publikáciu, ktorá poskytuje výstižné informácie nevyhnutné pre oboznámenie sa s problematikou manažmentu, tak z teoretického, ako aj praktického hľadiska. Je rozdelená do ôsmych hlavných kapitol.
Salvato in:
| Autore principale: | |
|---|---|
| Natura: | Capitolo di libro |
| Lingua: | slovacco |
| Soggetti: | |
| Tags: |
Nessun Tag, puoi essere il primo ad aggiungerne!!
|
MARC
| LEADER | 00000naa a2200000 4500 | ||
|---|---|---|---|
| 001 | 0257673 | ||
| 005 | 20240502074103.9 | ||
| 041 | 0 | |a slo | |
| 044 | |a SK | ||
| 245 | 1 | 0 | |a [Manažment: Teória a prax] |c Emília Duľová Spišáková |
| 520 | |a Recenzia na publikáciu, ktorá poskytuje výstižné informácie nevyhnutné pre oboznámenie sa s problematikou manažmentu, tak z teoretického, ako aj praktického hľadiska. Je rozdelená do ôsmych hlavných kapitol. | ||
| 610 | 2 | 0 | |a recenzie |
| 610 | 2 | 0 | |a riadenie podnikové |
| 610 | 2 | 0 | |a manažment |
| 610 | 2 | 0 | |a teória a prax |
| 100 | 1 | |a Duľová Spišáková, Emília, 1983- | |